000
00453nam a2200145Ia 4500
008
100204s9999 xx 000 0 und d
082
_b
7949
100
_a
काकोडकर चंद्र्रकांत
245
_a
खानदान
260
_b
"चंद्र्रकांत प्रकाशन , मुंबई"
_c
1974
300
_a
171
630
_a
खानदान
730
_a
खानदान
942
_c
BOOK
999
_c
452385
_d
452382